Histoire de la philosophie chrétienne / (Record no. 163569)

MARC details
000 -LEADER
campo de control de longitud fija 01087nam a22002655i 4500
001 - NÚMERO DE CONTROL
campo de control 163569
003 - IDENTIFICADOR DE NÚMERO DE CONTROL
campo de control ES-MaACL
005 - FECHA Y HORA DE LA ÚLTIMA TRANSACCIÓN
campo de control 20250804044108.0
008 - DATOS DE LONGITUD FIJA--INFORMACIÓN GENERAL
campo de control de longitud fija 960304m18431844fr |||| | fre d
040 ## - FUENTE DE CATALOGACIÓN
Centro catalogador/agencia de origen EUS
Lengua de catalogación spa
Centro/agencia transcriptor EUS
100 1# - ENTRADA PRINCIPAL--NOMBRE DE PERSONA
Nombre de persona Ritter, Heinrich.
9 (RLIN) 131840
Término indicativo de función/relación Autor
245 10 - MENCIÓN DEL TÍTULO
Título Histoire de la philosophie chrétienne /
Mención de responsabilidad, etc. par le Dr. Henri Ritter ; traduite de l'allemand et précédée d'un mot sur la relation de la croyance avec la cience par J. Trullard.
260 ## - PUBLICACIÓN, DISTRIBUCIÓN, ETC.
Lugar de publicación, distribución, etc. Paris :
Nombre del editor, distribuidor, etc. Librairie Philosophique de Ladrange,
Fecha de publicación, distribución, etc. 1843-1844
Fabricante (Imp. de Bourgogne et Martinet)
300 ## - DESCRIPCIÓN FÍSICA
Extensión 2 volúmenes ([6], XXXIX, 512 páginas; [4], 583 páginas) ;
Dimensiones 22 cm.
596 ## - NOTA AL PIE DE IMPRENTA
NOTA AL PIE DE IMPRENTA WWW CCFr, 12/12/03.
597 ## - NOTA DE DESCRIPCIÓN FÍSICA
NOTA DE DESCRIPCIÓN FÍSICA Signaturizado.
597 ## - NOTA DE DESCRIPCIÓN FÍSICA
NOTA DE DESCRIPCIÓN FÍSICA Antep.
650 07 - PUNTO DE ACCESO ADICIONAL DE MATERIA--TÉRMINO DE MATERIA
Término de materia o nombre geográfico como elemento de entrada Filosofía cristiana
Fuente del encabezamiento o término embne
9 (RLIN) 12834
700 1# - ENTRADA AGREGADA--NOMBRE PERSONAL
Nombre de persona Trullard, Jacques,
Fechas asociadas al nombre 1815-1887
9 (RLIN) 133400
Término indicativo de función/relación Autor de introducción
852 ## - LOCALIZACIÓN
Ubicación ES-MaACL
Ubicación en estantería Sala Valle Inclán
Donativo/Legado Donativo de Antonio Aura Boronat, Madrid mayo 1874
Número de control de estantería D-4839-40
Encuadernación Cartoné
942 ## - ELEMENTOS DE ENTRADA SECUNDARIOS (KOHA)
Fuente del sistema de clasificación o colocación Clasificación decimal universal
Tipo de ítem Koha Libro impreso antiguo
Suprimir en OPAC No
Holdings
Estatus retirado Estado de pérdida Fuente del sistema de clasificación o colocación Estado de daño No para préstamo Colección Biblioteca de origen Biblioteca actual Ubicación en estantería Fecha de adquisición Fuente de adquisición Total de préstamos Signatura topográfica completa Código de barras Visto por última vez Tipo de ítem Koha
    Clasificación decimal universal     Libros del s. XIX Biblioteca del Ateneo de Madrid Biblioteca del Ateneo de Madrid Sala Valle Inclán 17/01/2008 Donación   D-4839-40 901171405 23/02/2023 Libro impreso antiguo